| 000 | 00777nam a2200241Ia 4500 | ||
|---|---|---|---|
| 003 | OSt | ||
| 005 | 20220923212032.0 | ||
| 006 | a|||||r|||| 00| 0 | ||
| 007 | ta | ||
| 008 | 220922b |||||||| |||| 00| 0 hin d | ||
| 024 | _a150,093 | ||
| 037 | _cTextual | ||
| 040 |
_aARTS _cARTS _bhin |
||
| 041 |
_2hin _ahin |
||
| 082 | _a22, 152J1-J11 2D | ||
| 100 |
_aरंगानाथन्, एस0 आर0; नागर, मु0 ला0 _9161927 |
||
| 245 | 0 | _aग्रन्थालय प्रक्रिया | |
| 246 | _aGranthālaya prakriyā | ||
| 260 |
_ansgyh] _bHkkjrh; |
||
| 300 |
_a264 _ccm. |
||
| 942 |
_h22, 152J1-J11 2D _cTEXL _2CC |
||
| 999 |
_c305773 _d305773 |
||